Hlavné daňové stimuly rozvoja podnikania na Slovensku

Odlišnosť pojmu daňový úver pre fyzické a právnické osoby. Zmysel daňových úverov. Daňový úver pre fyzické osoby. Daňový úver pre právnické osoby.

Gespeichert in:
Bibliographische Detailangaben
1. Verfasser: Burák, Emil
Format: Buchkapitel
Sprache:Slowakisch
Schlagworte:
Tags: Tag hinzufügen
Keine Tags, Fügen Sie das erste Tag hinzu!

MARC

LEADER 00000naa a2200000 4500
001 r035346
005 20230911130427.5
041 0 |a slo 
044 |a SK 
245 1 0 |a Hlavné daňové stimuly rozvoja podnikania na Slovensku  |c Emil Burák 
520 |a Odlišnosť pojmu daňový úver pre fyzické a právnické osoby. Zmysel daňových úverov. Daňový úver pre fyzické osoby. Daňový úver pre právnické osoby. 
610 2 0 |a dane z príjmov 
610 2 0 |a úver 
610 2 0 |a osoby fyzické 
610 2 0 |a osoby právnické 
610 2 0 |a obdobie účtovné 
610 2 0 |a priznania daňové 
610 2 0 |a podnikanie 
610 2 0 |a podnikatelia 
100 1 |a Burák, Emil